| 000 | 00482nam a2200145Ia 4500 | ||
|---|---|---|---|
| 008 | 200619s9999 xx 000 0 und d | ||
| 020 | _a9814-126-91-8 | ||
| 100 | _aTurban, Efraim | ||
| 245 |
_cEfraim Turban, R. Kelly Rainer, Richard Potter.-- _aInformation to information to technology / |
||
| 250 | _a2nd ed. | ||
| 260 |
_aQuezon City: _bJohn Wiley & Sons _c2003 |
||
| 300 | _a520 pages | ||
| 500 | _aIncludes glossary, references and index. | ||
| 650 | _aInformation technology. | ||
| 999 |
_c363748 _d363748 |
||